Adivina Equipos Argentinos de la A-Z (Facil) - Estadísticas

Estadísticas generales
  • Esta prueba ha sido intentada 514 veces
  • La puntuación promedio es 20 de 27
Estadísticas de respuestas
Imagen Respuesta % Correcto
Boca Juniors
99%
Defensa y Justicia
98%
Estudiantes (LP)
97%
Independiente
97%
Argentinos Juniors
96%
Huracan
96%
Colon
95%
Gimnasia (LP)
94%
Ferro
89%
Lanus
85%
River Plate
84%
San Lorenzo
83%
Velez Sarsfield
82%
Talleres
81%
Platense
80%
Newells Old Boys
79%
Quilmes
79%
Union
78%
Olimpo
69%
Mitre
53%
Yupanqui
53%
Excursionistas
50%
Juventud Antoniana
50%
Kimberley
42%
Altos Hornos Zapla
38%
Jorge Newbery
21%
Muñiz
21%
No se encontraron pruebas coincidentes
Distribución de puntuación
Porcentaje de gente con cada puntuación
Porcentaje por número respondido
Historial de tus puntuaciones
No has intentado esta prueba.